Interim report on the activities of life insurance corporation of India (Record no. 498326)

000 -LEADER
fixed length control field 00373cam a22001097a 4500
008 - FIXED-LENGTH DATA ELEMENTS--GENERAL INFORMATION
fixed length control field 180718b1957 xxu||||| |||| 00| 0 eng d
082 ## - DEWEY DECIMAL CLASSIFICATION NUMBER
Classification number U61 LIC/1957
245 ## - TITLE STATEMENT
Title Interim report on the activities of life insurance corporation of India
Statement of responsibility, etc. by Ministry of Finance, India
260 ## - PUBLICATION, DISTRIBUTION, ETC.
Place of publication, distribution, etc. New Delhi
Name of publisher, distributor, etc. British India Press
Date of publication, distribution, etc. 1957
300 ## - PHYSICAL DESCRIPTION
Extent 47p.
700 ## - ADDED ENTRY--PERSONAL NAME
Personal name India.Ministry of Finance
Holdings
Withdrawn status Lost status Damaged status Not for loan Permanent Location Current Location Date acquired Full call number Barcode Date last seen Price effective from Koha item type
        Indian Institute of Public Administration Indian Institute of Public Administration 2018-08-04 U61 LIC/1957 GR1703 2018-08-04 2018-08-04 GR

Powered by Koha